|
|
|
|
| LEADER |
01644nam a22003377a 4500 |
| 001 |
28932 |
| 003 |
BD-DhAAL |
| 005 |
20150909112114.0 |
| 008 |
150304s1987 ilua 00100 eng d |
| 020 |
|
|
|a 9780618902125
|
| 020 |
|
|
|a 9780618901401
|
| 020 |
|
|
|a 9780618901845
|
| 020 |
|
|
|a 0618901841
|
| 040 |
|
|
|a BD-DhAAL
|c BD-DhAAL
|
| 041 |
|
|
|a eng
|
| 082 |
|
|
|2 22
|a 807.12
|
| 245 |
0 |
0 |
|a McDougal, Littell literature
|
| 260 |
|
|
|a Evanston, Ill. :
|b McDougal, Littell and Company,
|c c1987.
|
| 300 |
|
|
|a various pagings :
|b ill. (some col.) ;
|c 24 cm.
|
| 490 |
|
0 |
|a Indiana writing rubrics
|
| 541 |
|
|
|e 28932
|
| 650 |
|
0 |
|a Literature
|x Study and teaching (Secondary)
|9 8780
|
| 650 |
|
0 |
|a Literature
|x Collections.
|9 8994
|
| 650 |
|
0 |
|a Language arts (Secondary)
|9 8995
|
| 710 |
2 |
0 |
|a McDougal, Littell and Company.
|9 8996
|
| 942 |
|
|
|2 ddc
|c BK
|
| 999 |
|
|
|c 33863
|d 33863
|
| 952 |
|
|
|0 0
|1 0
|2 ddc
|4 0
|6 807_120000000000000_MCD
|7 0
|9 52858
|a BRACUL
|b BRACUL
|c GEN
|d 2015-03-04
|e BRAC Institute of Language (BIL)
|l 1
|o 807.12 MCD
|p 3010028932
|r 2025-09-01
|s 2025-08-26
|t 1
|w 2015-03-04
|y BK
|x Transferred from BIL to BRACUL on 06/06/22
|
| 952 |
|
|
|0 0
|1 0
|2 ddc
|4 0
|6 807_120000000000000_MCD
|7 0
|9 53858
|a SCL
|b SCL
|c GEN
|d 2015-05-24
|e Gift: The Asia Foundation
|l 0
|o 807.12 MCD
|p 3020007593
|r 2015-05-24
|t 2
|w 2015-05-24
|y BK
|
| 952 |
|
|
|0 0
|1 0
|2 ddc
|4 0
|6 807_120000000000000_MCD
|7 0
|9 55808
|a SCL
|b SCL
|c GEN
|d 2015-09-09
|e Gift: The Asia Foundation
|l 1
|m 7
|o 807.12 MCD
|p 3020007589
|r 2019-11-26
|s 2019-10-12
|t 3
|w 2015-09-09
|y BK
|
| 952 |
|
|
|0 0
|1 0
|2 ddc
|4 0
|6 807_120000000000000_MCD
|7 0
|9 55809
|a SCL
|b SCL
|c GEN
|d 2015-09-09
|e 2015-07-04
|l 1
|m 1
|o 807.12 MCD
|p 3020007594
|r 2022-07-27
|s 2022-06-26
|t 4
|w 2015-09-09
|y BK
|